00632nam a22002057a 450000500170000001000130001702000270003003500130005703700130007008200130008310000170009624500830011325000110019626000420020727000860024930000260033550000190036150500250038070000210040520180219112849.0 aB-689586 c2095.00a9789350357347 aB-689586 adplbKKP a345.5408 aNalwa, Suman aCommentary on the juvenile justice act / cby Suman Nalwa [and] Hari Dev Kohli a2nd ed aDelhibUniversal Law Publishingc2016 aLexisNexis, 14th Floor, Building No.10, DLF Cyber City, Phase-IIbGurgaone122002 acxii,1776p.c25cm(Hb) aIncludes index a(Rashtrapati Bhawan) aKohli, Hari Dev